00454 2200193 4500001002100000005001700021035002500038090001600063100001600079245003100095250001100126260003400137300002700171650002000198850001200218990001000230990001000240990001000250YOGYA00000000003251920150312120230.0 a0010-081400000032237 a745.5 Bud A aBUDI Basuki aAnyaman bambucBUDI Basuki aCet. 2 aJakartabPembar Swadayac1985 a47 hlm.bilus.c21 cm. aBambu - Anyaman aYOPDYOG a058-p a059-p a060-p